[Event "Bydgoszcz U18 op 12th"]
[Site "Bydgoszcz"]
[Date "2013.05.03"]
[Round "3.3"]
[White "Chalas, Dawid"]
[Black "Kowalski, Roman"]
[Result "1/2-1/2"]
[WhiteElo "1467"]
[BlackElo "1601"]
[PlyCount "63"]
[EventDate "2013.05.02"]
[EventType "swiss"]
[EventRounds "9"]
[EventCountry "POL"]
[SourceTitle "EXT 2023"]
[Source "ChessBase"]
[SourceDate "2022.10.05"]
[SourceVersion "1"]
[SourceVersionDate "2022.10.05"]
[SourceQuality "1"]

1. e4 e5 2. Nf3 Nf6 3. Bc4 Nc6 4. Ng5 d5 5. exd5 Nxd5 6. Nxf7 Kxf7 7. Qf3+ Ke8 8. Bxd5 Qf6 9. Nc3 Nd4 10. Qxf6 gxf6 11. Kd1 c6 12. Bc4 b5 13. Be2 Rg8 14. g3 Bb7 15. Bh5+ Kd7 16. Re1 c5 17. Ne4 Be7 18. c3 Ne6 19. d3 Rad8 20. f3 Ng7 21. Bf7 Rgf8 22. Bb3 Kc7 23. Ke2 Nf5 24. Be6 Bc8 25. Bb3 b4 26. g4 Nh4 27. Bh6 Rh8 28. Bg7 Ng2 29. Red1 Nf4+ 30. Ke3 bxc3 31. Nxc3 Rhe8 32. Bf7 1/2-1/2

[Event "Bydgoszcz U18 op 12th"]
[Site "Bydgoszcz"]
[Date "2013.05.03"]
[Round "6.2"]
[White "Chalas, Dawid"]
[Black "Wojnarowski, Szymon"]
[Result "1-0"]
[WhiteElo "1467"]
[BlackElo "1650"]
[PlyCount "87"]
[EventDate "2013.05.02"]
[EventType "swiss"]
[EventRounds "9"]
[EventCountry "POL"]
[SourceTitle "EXT 2023"]
[Source "ChessBase"]
[SourceDate "2022.10.05"]
[SourceVersion "1"]
[SourceVersionDate "2022.10.05"]
[SourceQuality "1"]

1. e4 c6 2. d4 d5 3. exd5 cxd5 4. Nf3 Nc6 5. Bf4 Nf6 6. h3 Bf5 7. Bd3 Bxd3 8. Qxd3 e6 9. 0-0 Bd6 10. Ne5 0-0 11. c3 Rc8 12. Nd2 a6 13. Rfe1 b5 14. a3 Qb6 15. Bg5 Be7 16. Bxf6 Bxf6 17. Nd7 Qb7 18. Nxf8 Rxf8 19. Re3 a5 20. b4 a4 21. Rg3 Ne7 22. Rf3 Ng6 23. g4 Bg5 24. Rg3 Bf4 25. Rf3 e5 26. Rxf4 Nxf4 27. Qe3 f6 28. h4 Qb8 29. Nf3 exd4 30. Nxd4 Re8 31. Qf3 Re4 32. Rd1 Ng6 33. Nc6 Qd6 34. Qxe4 Qxc6 35. Qxd5+ Qxd5 36. Rxd5 Nxh4 37. Rxb5 Nf3+ 38. Kg2 Ne5 39. Kg3 Nc4 40. Ra5 Nxa3 41. Rxa4 Nc4 42. b5 Nd6 43. b6 Kf8 44. Ra7 1-0